[Event "GER-ch U25-C"]
[Site "Willingen"]
[Date "2019.06.11"]
[Round "4"]
[White "Burdett, Sabah"]
[Black "Akcapinar, Timur"]
[Result "1-0"]
[WhiteElo "1033"]
[BlackElo "852"]
[PlyCount "29"]
[EventDate "2019.06.08"]
[EventType "swiss"]
[EventRounds "9"]
[EventCountry "GER"]
[SourceTitle "CBM 191 Extra"]
[Source "ChessBase"]
[SourceDate "2019.09.30"]
[SourceVersion "1"]
[SourceVersionDate "2019.09.30"]
[SourceQuality "1"]

1. e4 c5 2. Nf3 d6 3. d4 cxd4 4. Nxd4 Nf6 5. f3 g6 6. Be3 Bg7 7. Qd2 0-0 8. Nc3 Nc6 9. 0-0-0 Nxd4 10. Bxd4 Be6 11. h4 Qa5 12. Kb1 Rfc8 13. a3 Rab8 14. g4 b5 15. Bxb5 1-0

[Event "GER-ch U25-C"]
[Site "Willingen"]
[Date "2019.06.09"]
[Round "1"]
[White "Sinka, Silas"]
[Black "Burdett, Sabah"]
[Result "1-0"]
[WhiteElo "1292"]
[BlackElo "1033"]
[PlyCount "85"]
[EventDate "2019.06.08"]
[EventType "swiss"]
[EventRounds "9"]
[EventCountry "GER"]
[SourceTitle "CBM 191 Extra"]
[Source "ChessBase"]
[SourceDate "2019.09.30"]
[SourceVersion "1"]
[SourceVersionDate "2019.09.30"]
[SourceQuality "1"]

1. d4 d5 2. c4 Nf6 3. e3 Bf5 4. b3 e6 5. Nf3 Bd6 6. Bb2 Nc6 7. Nbd2 Nb4 8. e4 dxe4 9. Nh4 0-0 10. Nxf5 exf5 11. a3 Nc6 12. Be2 Bf4 13. Nf1 Re8 14. Ne3 Bxe3 15. fxe3 Ng4 16. Bxg4 fxg4 17. Qxg4 Qd6 18. 0-0 Qh6 19. Qf4 Qxf4 20. Rxf4 g5 21. Rf5 h6 22. Raf1 Rf8 23. Rf6 Kg7 24. d5 Na5 25. Ra6+ Kg8 26. Rxa5 f5 27. Rc5 Rf7 28. d6 cxd6 29. Rcxf5 Rxf5 30. Rxf5 a5 31. Rf6 a4 32. Rxh6 Ra6 33. b4 Kf8 34. c5 Ke7 35. Bf6+ Kd7 36. Bxg5 Rc6 37. Rxd6+ Rxd6 38. cxd6 Kxd6 39. h4 Ke6 40. Kf2 Kf7 41. Kg3 Kg7 42. Kf4 b5 43. Kxe4 1-0